000 00671nam a22002297a 4500
005 20170124110013.0
010 _a110628
020 _c00.00
035 _a110628
037 _bCen Lib/Ret
040 _aDPL
_bEN
082 _a341.13
_bGRE
100 _aGreen, James Frederick
_918186
245 _aUnited nation and human rights /
_cby James Frederick Green
260 _aWashington, D.C.
_bThe Brookings Institution
_c1956
270 _bWashington, D.C.
300 _aviii, 194p.
_c19cm(Hb)
500 _aIncludes appendix
650 _aHuman rights
_918187
650 _aHistory
_xUnited nation
_918188
942 _2ddc
_cEN
_h341.13
_mGRE
999 _c126687
_d126687